• 首页
  • 本馆介绍
  • 公告通知
  • 最新文献
  • 馆藏检索
  • 电子资源
  • 读者导购
  • 参考咨询
  • 我的图书馆
  • 登录
  • 详细信息显示
  • 放入我的书架
  • 预约/预借图书
  • 作者相关作品
  • 分类相关作品
  • 丛书相关作品
  • 出版社相关作品

书目信息

  • 表格格式
  • 工作单格式
  • 卡片格式
书名: Idiom workbook
作者: by Louis A.Berman and Laurette Kirstein.
分册号:
分册名:
出版地: Silver Spring, Md. :
 
出版社: Institute of Modern Languages, Inc
出版时间: 1979.
页数: 112 p. ;
开本: 26 cm.
丛书名:
中图分类号:
科图分类号:
其他分类号: H313.3-44
主题词:
电子资源:
000 00728nam 2200217 a 4500
001 E0737134377
005 20070807082929.32
008 uu
020    @cCNY1.00.
040    @aNLC
049    @aN5LA
090    @a2/H314.3/-44/BLA///////*963028/-29/ 2cop.
090    @aH313.3-44
096    @aH314.3-44 @v2
099    @dH313.3-44@ex14
100 1  @aBerman, Louis A.
245 10 @aIdiom workbook :@bverb phrases by family / @cby Louis A.Berman and Laurette Kirstein.
260    @aSilver Spring, Md. :@bInstitute of Modern Languages, Inc.,@c1979.
300    @a112 p. ;@c26 cm.
700 1  @aKirstein, Laurette, @ejt. auth. @b00 @c20020930 @lNLC09 @h2244 @lNLC09 @h2231 @lNLC09 @h1822
852 9  @bWWJC @cJ08S @k2 @hH314.3-44 @iBLA
    
    Idiom workbook : : verb phrases by family / / by Louis A.Berman and Laurette Kirstein.-Silver Spring, Md. : : Institute of Modern Languages, Inc., , 1979.
    112 p. ; ; 26 cm.
    
    
    ISBN CNY1.00.
    
●
相关链接 在E读中查询图书 在五车中查询图书 在当当中查询图书 在豆瓣中查询图书


正题名:Idiom workbook     索取号:H313.3-44/x14         预约/预借

序号 登录号 条形码 馆藏地/架位号 状态 备注
1 15441   300154419   密集书库/ [索取号:H313.3-44/x14] 在馆    
2 181101   001299268   密集书库/ [索取号:H313.3-44/x14] 在馆    
3 181102   001299277   密集书库/ [索取号:H313.3-44/x14] 在馆    
4 73965   001299295   第四借阅区/ [索取号:H313.3-44/x14] 在馆    
5 73966   001299302   第四借阅区/ [索取号:H313.3-44/x14] 在馆    
6 73967   001299339   第四借阅区/ [索取号:H313.3-44/x14] 在馆    
7 73968   001299375   第四借阅区/ [索取号:H313.3-44/x14] 在馆    
8 73969   001299357   第四借阅区/ [索取号:H313.3-44/x14] 在馆    
9 73970   001299320   密集书库/ [索取号:H313.3-44/x14] 在馆    
10 73971   001299366   密集书库/ [索取号:H313.3-44/x14] 在馆    
11 73972   001299286   密集书库/ [索取号:H313.3-44/x14] 在馆    
12 73973   001299311   密集书库/ [索取号:H313.3-44/x14] 在馆    
13 73974   001299348   密集书库/ [索取号:H313.3-44/x14] 在馆    
唐山师范学院图书馆 欢迎您!
大连网信软件有限公司© 版权所有